00598nam a2200121 a 4500008004100000050002200041110005800063245026300121260003500384350000900419650001400428650003400442060410s2003 ||||||||||||||||| || u aUN-ECE(02)2003/26 aUnited Nations Economic Commission for Europe (UNECE)10aSocial-economic status and living arrangements of older persons in LithuaniacPrepared in cooperation with Sarmite Mikulioniene and Vlada Stankuniene Democratic Research Center of the Lithuanian Institute of Philosophy and Socialogy, and Statistics Lithuania aNew yorkbUNITED NATIONSc2003 a0.00 0aECONOMICS aOld age assistance--Lithuania